000 00435nam a2200205Ia 4500
001 12771
003 GE_BSU
008 181216s||||||||xx |||||||||||||| ||und||
020 _a9780340840078
040 _cGE_BSU
080 _a821.111-312.4
100 _aMan,Shadow.
245 _aCody Mc Fadyen.
260 _aLondon.
260 _bHodder.
260 _c2006
300 _a460p.18cm.
653 _aCody Mc Fadyen.
942 _cBK
999 _c45942
_d45942